Pa' Mí REMIX - Dalex, Sech, Lenny Tavárez, Cazzu... - Estadísticas

Estadísticas generales
  • Esta prueba ha sido intentada 33 veces
  • La puntuación promedio es 518 de 735
Estadísticas de respuestas
Letra % Correcto
a
100%
A
100%
69
89%
anda
89%
armada
89%
buscando
89%
buscándote
89%
cama
89%
casa
89%
celular
89%
clave
89%
como
89%
Cómo
89%
Como
89%
comparto
89%
con
89%
conejos
89%
corre
89%
de
89%
decirte
89%
Dice
89%
el
89%
él
89%
en
89%
Eres
89%
eres
89%
es
89%
eso
89%
esposándola
89%
está
89%
esta
89%
Esto
89%
fue
89%
la
89%
lo
89%
loco
89%
mano
89%
más
89%
me
89%
mi
89%
89%
mundo
89%
nadie
89%
necesario
89%
no
89%
No
89%
pa
89%
Pa
89%
posiciones
89%
pues
89%
que
89%
Que
89%
qué
89%
quedar
89%
quiere
89%
quiero
89%
robé
89%
se
89%
89%
secuestrada
89%
Si
89%
si
89%
Solita
89%
te
89%
Te
89%
ti
89%
Tiene
89%
todo
89%
Un
89%
un
89%
video
89%
y
89%
Y
89%
Yo
89%
yo
89%
aquí
78%
buscándola
78%
cogemos
78%
compartirte
78%
dejo
78%
estoy
78%
puedo
78%
puesto
78%
saber
78%
78%
78%
tu
78%
Déjale
67%
digan
67%
Hagamos
67%
o
67%
siga
67%
tenga
67%
toda
67%
vida
67%
Baby
56%
Caras
56%
enojo
56%
enseguida
56%
feliz
56%
hacerte
56%
importa
56%
Insta
56%
muerda
56%
Todos
56%
trío
56%
veces
56%
vemos
56%
Ai
44%
bellaquear
44%
bonita
44%
conozco
44%
corazón
44%
corazones
44%
eu
44%
flow
44%
hacemoS
44%
hasta
44%
le
44%
malo
44%
Michel
44%
pego
44%
pelo
44%
Pero
44%
pero
44%
pon
44%
querías
44%
sabemos
44%
sin
44%
Teló
44%
ves
44%
acción
33%
al
33%
Así
33%
Bebé
33%
besos
33%
cabeza
33%
claro
33%
confundas
33%
cualquiera
33%
da
33%
despojo
33%
Dime
33%
dolor
33%
dudas
33%
encima
33%
era
33%
esa
33%
están
33%
estás
33%
flojos
33%
forty
33%
Gucci
33%
gustó
33%
habitación
33%
Hablando
33%
llegamos
33%
llena
33%
llevarte
33%
Louis
33%
mala
33%
mamacita
33%
mesa
33%
mete
33%
mía
33%
mis
33%
nada
33%
ni
33%
Ni
33%
ningún
33%
ojos
33%
para
33%
parezco
33%
peli
33%
pieza
33%
piquete
33%
por
33%
Prada
33%
preso
33%
quién
33%
resolvemos
33%
Rosario
33%
solo
33%
soy
33%
tampoco
33%
tanta
33%
Tijeras
33%
tristeza
33%
va
33%
vivos
33%
Vuitton
33%
ya
33%
abandone
22%
ahora
22%
Ahora
22%
anillo
22%
apaga
22%
calientas
22%
caníbales
22%
carretera
22%
causó
22%
Cojamos
22%
comámonos
22%
condones
22%
conmigo
22%
cuidar
22%
dale
22%
diles
22%
duele
22%
encojone
22%
entrego
22%
las
22%
Medellín
22%
novio
22%
otras
22%
peleas
22%
perdámonos
22%
picheo
22%
pirobo
22%
pone
22%
prestar
22%
puede
22%
quieres
22%
sentirme
22%
Siempre
22%
sigo
22%
Sígueme
22%
sueltas
22%
suena
22%
supo
22%
teléfono
22%
tus
22%
vacilo
22%
vámonos
22%
Vas
22%
vas
22%
Voy
22%
voy
22%
yeh
22%
aceptar
11%
acostar
11%
aunque
11%
Balenciaga
11%
contigo
11%
costar
11%
cuenta
11%
despertar
11%
díselo
11%
Díselo
11%
encontrar
11%
Entiende
11%
espere
11%
evitar
11%
forzar
11%
hablar
11%
ignorándolo
11%
imaginar
11%
jodió
11%
les
11%
llama
11%
Llegando
11%
mujeres
11%
nena
11%
pichándolo
11%
podemos
11%
Ponte
11%
porque
11%
Porque
11%
prefieres
11%
roncar
11%
solamente
11%
sueño
11%
tienes
11%
tocar
11%
trate
11%
volver
11%
alenta
0%
No se encontraron pruebas coincidentes
Distribución de puntuación
Porcentaje de gente con cada puntuación
Porcentaje por número respondido
Historial de tus puntuaciones
No has intentado esta prueba.